00565nam a22001457a 450000500170000000800410001702000180005804100120007608200140008810000480010224501350015026000770028530000330036265000240039520231025064002.0231025b |||||||| |||| 00| 0 eng d a9781601560810 aEnglish a347.1 HEA aHeard HR, Walker SL with Cooley JWlEnglish aInternational Commercial Arbitration Advocacy :bA Practitioner's Guide for American Lawyers /cHR Heard, SL Walker with JW Cooley aUnited States of America :bNational Institute for Trail Advocacy,c2010 bx, 249 pages ;c26,2 cm.eCD aLegal practicebLaw